El Acuerdo de Cartagena y el trato preferencial en favor de Bolivia y Ecuador /
Bewaard in:
| Coauteurs: | , |
|---|---|
| Formaat: | Texto |
| Gepubliceerd in: |
s.l.:
BID. INTAL
|
| Tags: |
Voeg label toe
Geen labels, Wees de eerste die dit record labelt!
|
MARC
| LEADER | 00000 a a2200000 04500 | ||
|---|---|---|---|
| 001 | 23423 | ||
| 003 | |||
| 040 | |||
| 090 | |a 162800 | ||
| 110 | |a BID | ||
| 245 | |a El Acuerdo de Cartagena y el trato preferencial en favor de Bolivia y Ecuador / |c BID | ||
| 260 | |a s.l.: |b BID. INTAL | ||
| 300 | |a 12, 148 p. | ||
| 710 | |a INTAL | ||
| 999 | |c 6298 |d 6298 | ||
